01354nam a2200313Ia 4500001001100000003000800011006001900019007001500038008004100053020001500094040002100109035002000130050002300150082002200173100003200195245016800227260003900395300001100434500014100445504003600586533015200622546001300774650002700787651003600814655002900850710001700879856012500896999001901021ebr2001934CaPaEBRm u cr cn|||||||||711021r20001905onc sb 000 0 eng d z1552730506 aCaPaEBRcCaPaEBR a(OCoLC)7073246614aHD6460b.K8 2000eb04a338.6/32/09422201 aKramer, Stella,d1870-1936.14aThe English craft gilds and the governmenth[electronic resource] :ban examination of the accepted theory regarding the decay of the craft gilds /cStella Kramer. aKitchener, Ont. :bBatoche,c2000. a116 p. aReprint. Originally published : Studies in history, economics and public law, vol. 23, no. 4. New York: Columbia University Press, 1905. aIncludes bibliographical notes. aElectronic reproduction.bPalo Alto, Calif. :cebrary,d2009.nAvailable via World Wide Web.nAccess may be limited to ebrary affiliated libraries. aEnglish. 0aGuildszGreat Britain. 0aGreat BritainxEconomic policy. 7aElectronic books.2local2 aebrary, Inc.40uhttp://site.ebrary.com/lib/rucke/Doc?id=2001934zAn electronic book accessible through the World Wide Web; click to view c126485d126485